[Event "Madrid-ch U12"]
[Site "Madrid"]
[Date "2019.03.30"]
[Round "1"]
[White "Llamas Martinez, Pablo"]
[Black "Raskin Calvo, Maximilian"]
[Result "1-0"]
[WhiteElo "1621"]
[BlackElo "1223"]
[PlyCount "89"]
[EventDate "2019.03.30"]
[EventType "swiss"]
[EventRounds "6"]
[EventCountry "ESP"]
[SourceTitle "EXT 2021"]
[Source "ChessBase"]
[SourceDate "2020.10.23"]
[SourceVersion "1"]
[SourceVersionDate "2020.10.23"]
[SourceQuality "1"]

1. e4 e5 2. Nf3 Nc6 3. d4 d6 4. dxe5 dxe5 5. Qxd8+ Kxd8 6. Be3 Nf6 7. Nc3 Bd6 8. h3 h6 9. Bb5 Be6 10. Bxc6 bxc6 11. 0-0-0 Ke7 12. a3 a6 13. Ne1 Rhd8 14. Nd3 Ke8 15. f4 exf4 16. Bxf4 Bxf4+ 17. Nxf4 Ke7 18. Nxe6 Kxe6 19. Rde1 Rd4 20. Re2 Nh5 21. Rhe1 Nf4 22. Rf2 g5 23. e5 Nd5 24. Ne4 Rf8 25. c3 Rc4 26. b3 Rxc3+ 27. Nxc3 Nxc3 28. Rf6+ Ke7 29. Rxh6 Kd7 30. g3 Rg8 31. Rh7 Ke6 32. Kc2 Nb5 33. Kb2 Nd4 34. Rh6+ Kd7 35. Rd1 c5 36. b4 Ke7 37. bxc5 Nf5 38. Rxa6 Rb8+ 39. Ka2 Nxg3 40. Rc6 Rc8 41. a4 Ne4 42. Rd3 f5 43. exf6+ Nxf6 44. Re3+ Kf7 45. Rf3 1-0

[Event "San Sebastian de los Reyes op 20th"]
[Site "San Sebastian"]
[Date "2018.12.06"]
[Round "6"]
[White "Llamas Martinez, Pablo"]
[Black "Lin, Ying Rui"]
[Result "0-1"]
[WhiteElo "1479"]
[BlackElo "1463"]
[PlyCount "90"]
[EventDate "2018.12.01"]
[EventType "swiss"]
[EventRounds "9"]
[EventCountry "ESP"]
[SourceTitle "CBM 187 Extra"]
[Source "ChessBase"]
[SourceDate "2018.11.04"]
[SourceVersion "1"]
[SourceVersionDate "2018.11.04"]
[SourceQuality "1"]

1. e4 c5 2. d4 cxd4 3. c3 dxc3 4. Nxc3 Nc6 5. Bc4 Nf6 6. Nf3 d6 7. 0-0 e6 8. Qe2 Be7 9. Rd1 e5 10. Bg5 Bg4 11. h3 Nd4 12. Qd3 Bxf3 13. gxf3 Rc8 14. f4 0-0 15. fxe5 dxe5 16. Bxf6 Bxf6 17. Nd5 Bh4 18. f4 Ne6 19. f5 Nd4 20. Kh1 b5 21. Bb3 Kh8 22. Rg1 a5 23. a3 a4 24. Bd1 Rc4 25. Nc3 Bf2 26. Rg2 Be1 27. Nxb5 Rc8 28. Nxd4 exd4 29. Bxa4 Bh4 30. Bb3 Bf6 31. Rag1 Qd6 32. h4 Qf4 33. h5 Be5 34. Rg3 Qf2 35. Rh3 Qxb2 36. h6 g6 37. Qb5 d3 38. Qxd3 Rc3 39. Qf1 Rxb3 40. Rh4 Bg3 41. Rh3 Bf4 42. Rh4 g5 43. Rh5 Qc2 44. Qe1 Rb2 45. Rg4 Rb1 0-1

[Event "San Sebastian de los Reyes U1600 1st"]
[Site "San Sebastian de los Reyes"]
[Date "2018.10.27"]
[Round "5"]
[White "Cruz Lopez, Jose"]
[Black "Llamas Martinez, Pablo"]
[Result "0-1"]
[WhiteElo "1420"]
[BlackElo "1429"]
[PlyCount "61"]
[EventDate "2018.10.06"]
[EventType "swiss"]
[EventRounds "6"]
[EventCountry "ESP"]
[SourceTitle "CBM 187 Extra"]
[Source "ChessBase"]
[SourceDate "2018.11.04"]
[SourceVersion "1"]
[SourceVersionDate "2018.11.04"]
[SourceQuality "1"]

1. e4 c5 2. d3 Nc6 3. Nc3 e6 4. Bf4 d5 5. exd5 exd5 6. Qe2+ Nge7 7. 0-0-0 Be6 8. Nb5 Ng6 9. Nc7+ Kd7 10. Bg3 Rc8 11. Nxe6 fxe6 12. Re1 e5 13. Qg4+ Kc7 14. Nf3 Bd6 15. Ng5 Qf6 16. Ne6+ Kb8 17. h4 h5 18. Qh3 Nf4 19. Bxf4 exf4 20. Qf3 Rhe8 21. Qxd5 Be5 22. Rxe5 Nxe5 23. Qd6+ Ka8 24. Nc7+ Rxc7 25. Qxc7 Nc6 26. c3 Qe6 27. a3 Qb3 28. Kd2 Qxb2+ 29. Kd1 Qb1+ 30. Kd2 Re1 31. d4 0-1

[Event "San Sebastian de los Reyes U1600 1st"]
[Site "San Sebastian de los Reyes"]
[Date "2018.10.06"]
[Round "2"]
[White "Llamas Martinez, Pablo"]
[Black "Sanchez Rivero, Miguel"]
[Result "1-0"]
[WhiteElo "1429"]
[BlackElo "1594"]
[PlyCount "117"]
[EventDate "2018.10.06"]
[EventType "swiss"]
[EventRounds "6"]
[EventCountry "ESP"]
[SourceTitle "CBM 187 Extra"]
[Source "ChessBase"]
[SourceDate "2018.11.04"]
[SourceVersion "1"]
[SourceVersionDate "2018.11.04"]
[SourceQuality "1"]

1. e4 c5 2. d4 cxd4 3. c3 dxc3 4. Nxc3 Nc6 5. Bc4 e6 6. Nf3 d6 7. 0-0 Be7 8. Be3 Nf6 9. Qe2 0-0 10. Rfd1 a6 11. e5 Ne8 12. Bf4 d5 13. Bd3 g6 14. Nd2 Ng7 15. Qg4 Qb6 16. Nf3 Qxb2 17. Ne2 Qb4 18. Rab1 Qa4 19. Qh3 Nh5 20. Bg5 Bxg5 21. Nxg5 Nxe5 22. f4 Nxd3 23. Rxd3 e5 24. g4 Qxa2 25. Re1 f6 26. Ne6 Bxe6 27. f5 Bxf5 28. gxf5 e4 29. fxg6 hxg6 30. Rdd1 Kf7 31. Qd7+ Kg8 32. Kh1 Rad8 33. Qe6+ Kg7 34. Qg4 f5 35. Qg5 Rd6 36. Qe7+ Rf7 37. Qxd6 Nf6 38. Nf4 Rd7 39. Qe6 Qf2 40. Rf1 Qh4 41. Nxd5 Rxd5 42. Rxd5 Nxd5 43. Qxd5 e3 44. Qxb7+ Kh6 45. Qf3 Qd4 46. Kg2 a5 47. Qf4+ Qxf4 48. Rxf4 Kg5 49. Ra4 f4 50. Rxa5+ Kg4 51. h3+ Kh4 52. Kf3 g5 53. Ra8 Kh5 54. Rh8+ Kg6 55. h4 e2 56. Kxe2 g4 57. Kf2 Kg7 58. Ra8 Kg6 59. Ra5 1-0

[Event "Madrid-ch U10"]
[Site "Madrid"]
[Date "2018.04.15"]
[Round "4"]
[White "Plamenova Radkova, Valentina"]
[Black "Llamas Martinez, Pablo"]
[Result "0-1"]
[WhiteElo "1151"]
[BlackElo "1641"]
[PlyCount "58"]
[EventDate "2018.04.14"]
[EventType "swiss"]
[EventRounds "6"]
[EventCountry "ESP"]
[SourceTitle "EXT 2019"]
[Source "ChessBase"]
[SourceDate "2018.10.10"]
[SourceVersion "1"]
[SourceVersionDate "2018.10.10"]
[SourceQuality "1"]

1. e4 c5 2. Nf3 Nc6 3. d4 cxd4 4. Nxd4 Nf6 5. Nc3 e5 6. Nb3 Bb4 7. Bd3 d5 8. Bg5 d4 9. a3 dxc3 10. axb4 cxb2 11. Rb1 h6 12. Bh4 0-0 13. b5 Nb4 14. Rxb2 Nxd3+ 15. cxd3 Qb6 16. Nd2 Nd7 17. Nc4 Qd4 18. Rb1 Nc5 19. Be7 Nxd3+ 20. Ke2 Nf4+ 21. Kf1 Qxc4+ 22. Ke1 Qxe4+ 23. Kf1 Qxg2+ 24. Ke1 Qxh1+ 25. Kd2 Qxd1+ 26. Rxd1 Bg4 27. Rg1 Rfd8+ 28. Bxd8 Rxd8+ 29. Ke3 Bf5 0-1

[Event "ESP-ch U10"]
[Site "Salobrena Granada"]
[Date "2017.07.05"]
[Round "5"]
[White "Tudela Gonzalez, Victor"]
[Black "Llamas Martinez, Pablo"]
[Result "1-0"]
[WhiteElo "1403"]
[BlackElo "1453"]
[PlyCount "59"]
[EventDate "2017.07.03"]
[EventType "swiss"]
[EventRounds "9"]
[EventCountry "ESP"]
[SourceTitle "EXT 2024"]
[Source "ChessBase"]
[SourceDate "2023.10.10"]
[SourceVersion "1"]
[SourceVersionDate "2023.10.10"]
[SourceQuality "1"]

1. e4 c5 2. Nc3 Nc6 3. Bb5 e6 4. Bxc6 bxc6 5. Nf3 d5 6. d3 g6 7. e5 Bg7 8. 0-0 Ba6 9. Bf4 Ne7 10. Qd2 0-0 11. Rfe1 Rb8 12. Rab1 Rb7 13. Bh6 Qa5 14. Nxd5 Qxa2 15. Nxe7+ Rxe7 16. Bxg7 Kxg7 17. Ra1 Qd5 18. Rxa6 f6 19. Qc3 Ref7 20. exf6+ Rxf6 21. Rxa7+ Kg8 22. Ra5 Rxf3 23. gxf3 Qxf3 24. Qxc5 Qf4 25. Qe3 Qc7 26. Qxe6+ Rf7 27. Ra8+ Kg7 28. Qe5+ Kh6 29. Qxc7 Rxc7 30. Kg2 1-0

[Event "ESP-ch U10"]
[Site "Salobrena Granada"]
[Date "2017.07.04"]
[Round "3"]
[White "Domene Mulyukov, Alexander"]
[Black "Llamas Martinez, Pablo"]
[Result "1/2-1/2"]
[WhiteElo "1326"]
[BlackElo "1453"]
[PlyCount "39"]
[EventDate "2017.07.03"]
[EventType "swiss"]
[EventRounds "9"]
[EventCountry "ESP"]
[SourceTitle "EXT 2024"]
[Source "ChessBase"]
[SourceDate "2023.10.10"]
[SourceVersion "1"]
[SourceVersionDate "2023.10.10"]
[SourceQuality "1"]

1. e4 c5 2. Nf3 Nc6 3. d4 cxd4 4. Nxd4 Nf6 5. Nc3 e5 6. Ndb5 d6 7. Nd5 Nxd5 8. exd5 Nb8 9. c4 Bd7 10. a4 Bxb5 11. axb5 Nd7 12. Be3 Be7 13. Bxa7 b6 14. b4 Qc7 15. Qa4 0-0 16. Be2 Rfb8 17. Bxb8 Rxa4 18. Rxa4 Nxb8 19. 0-0 Bg5 20. Ra8 1/2-1/2

[Event "San Sebastian de los Reyes op 18th"]
[Site "San Sebastian"]
[Date "2016.12.08"]
[Round "6"]
[White "Garcia Lopez, Fernando"]
[Black "Llamas Martinez, Pablo"]
[Result "0-1"]
[WhiteElo "1608"]
[BlackElo "1411"]
[PlyCount "86"]
[EventDate "2016.12.03"]
[EventType "swiss"]
[EventRounds "9"]
[EventCountry "ESP"]
[SourceTitle "CBM 176 Extra"]
[Source "ChessBase"]
[SourceDate "2017.03.02"]
[SourceVersion "1"]
[SourceVersionDate "2017.03.02"]
[SourceQuality "1"]

1. e4 d5 2. exd5 Nf6 3. d4 Nxd5 4. Nf3 Bf5 5. c4 Nb4 6. Qa4+ N8c6 7. Na3 e6 8. Be3 Be7 9. Be2 Bd3 10. Ne5 Bxe2 11. Nxc6 Nxc6 12. Kxe2 0-0 13. Rhd1 Bf6 14. Nc2 Qe7 15. Kf1 Rfe8 16. Re1 Rad8 17. Rad1 a6 18. c5 Rd7 19. b4 Red8 20. d5 Rxd5 21. Rxd5 Rxd5 22. b5 Ne5 23. Nb4 Rd8 24. c6 axb5 25. Qxb5 b6 26. f4 Ng4 27. Bg1 Bc3 28. Rb1 Bxb4 29. Qe2 Nf6 30. Qb5 Bc5 31. a4 Bxg1 32. Kxg1 Qc5+ 33. Qxc5 bxc5 34. Rb5 Ne4 35. g3 Nc3 36. Rxc5 Nxa4 37. Ra5 Nc3 38. h4 Kf8 39. Kf2 Rd6 40. Ra8+ Ke7 41. Rg8 g6 42. g4 Rxc6 43. Rh8 Rc4 0-1

[Event "San Sebastian de los Reyes op 18th"]
[Site "San Sebastian"]
[Date "2016.12.03"]
[Round "1"]
[White "Llamas Martinez, Pablo"]
[Black "Gueler Berdasco, Martin"]
[Result "0-1"]
[WhiteElo "1411"]
[BlackElo "1929"]
[PlyCount "48"]
[EventDate "2016.12.03"]
[EventType "swiss"]
[EventRounds "9"]
[EventCountry "ESP"]
[SourceTitle "CBM 176 Extra"]
[Source "ChessBase"]
[SourceDate "2017.03.02"]
[SourceVersion "1"]
[SourceVersionDate "2017.03.02"]
[SourceQuality "1"]

1. e4 c5 2. d4 cxd4 3. c3 dxc3 4. Nxc3 d6 5. Bc4 e6 6. Nf3 Be7 7. 0-0 Nf6 8. Be3 0-0 9. Qc2 a6 10. Rfd1 b5 11. Bb3 Nbd7 12. e5 dxe5 13. Nxe5 Qc7 14. Nxd7 Bxd7 15. Rac1 Ng4 16. h3 Qh2+ 17. Kf1 Nxe3+ 18. fxe3 Bc6 19. a3 Qh1+ 20. Ke2 Qxg2+ 21. Kd3 Rfd8+ 22. Nd5 Qg6+ 23. e4 Bxd5 24. Bxd5 Rxd5+ 0-1